00661nam a22001817a 450000500170000001000150001702000260003203500140005803700090007208200110008124501280009226000330022027001150025330000200036870000330038870000310042170000270045220241206160814.0 aENG-142864 a9789389224801c995.00 aEN-126496 bDBAD a92121 aPandit Ishwar Chandra Vidhyasagar on His Bicentenary/h cEdited by Sunil Kumar Baskey; Suman Kalyan Roy [and] Dipankar Roy aNew DelhibKunal Booksc2021 a4648/21, Ist Floor, Ansari Road, Darya GanjbNew Delhie110002k011-23275069k9811043697mkunalbooks@gmail.com a263p.c24cm(Hb) aBaskey, Sunil Kumar eEditor aRoy, Suman Kalyan eEditor aRoy, Dipankar eEditor